000 00604nam a2200229Ia 4500
003 OSt
005 20220928124344.0
006 a|||||r|||| 00| 0
007 ta
008 220927b |||||||| |||| 00| 0 eng d
024 _a94084
037 _cTextual
040 _aSDCL
_cSDCL
_beng
041 _2eng
_aeng
082 _aX72:2.2'N8, M8
100 _aSharma S P
245 0 _aTax incentives and investment decisions.
260 _aDelhi
_bPratibha Publications
_c1989
300 _axv271p
_ccm.
942 _hX72:2.2'N8, M8
_cTEXL
_2CC
999 _c777486
_d777486